[Event "GER-ch U25 op-B"]
[Site "Willingen"]
[Date "2024.05.20"]
[Round "3"]
[White "Lohrmann, Linus"]
[Black "Ahmadov, Ahmad"]
[Result "1-0"]
[WhiteElo "1621"]
[BlackElo "1729"]
[PlyCount "38"]
[EventDate "2024.05.19"]
[EventType "swiss"]
[EventRounds "9"]
[EventCountry "GER"]
[SourceTitle "EXT 2025"]
[Source "ChessBase"]
[SourceDate "2024.10.14"]
[SourceVersion "1"]
[SourceVersionDate "2024.10.14"]
[SourceQuality "1"]

1. e4 e6 2. Nf3 d5 3. exd5 exd5 4. d4 Bd6 5. Bd3 h6 6. Nc3 c6 7. 0-0 Nf6 8. Re1+ Be6 9. Bf5 Qe7 10. Ne5 0-0 11. Bxe6 fxe6 12. Ng6 Qf7 13. Nxf8 Kxf8 14. Qe2 Ke7 15. h3 Nbd7 16. f4 Nh7 17. Rf1 g6 18. Bd2 Rf8 19. Rae1 Qg7 1-0